000 01264nam0a22002891 4500
001 rc\3564024
005 20250610112555.0
021 _aRU
_b[76-69838]
035 _a(NLR Aleph) 007877313
090 _a7895957
_c7895957
100 _a20130115d1976 |||y0rusy50 ca
101 0 _arus
102 _aRU
105 _ay z |||||
200 1 _aПравовые формы регулирования имущественных отношений социалистических хозяйственных организаций
_fХ.А. Рахманкулов
_gАН УзССР, Ин-т философии и права им. И.М. Муминова
210 _aТашкент
_cФан
_d1976
215 _a279 с.
_d22
300 _aВ вып. дан. авт.: Хаджи-Акбар Рахманкулов
606 _aХозяйственный договор в СССР
_2psbo
606 _aХозяйственые организации
_xИмущественные права
_2psbo
700 1 _aРахманкулов
_bХ.-А.
_f1925-
_gХаджи-Акбара
790 1 _aРахманкулов
_bХ.-А.
_f1925-
_gХаджи-Акбар
801 0 _aRU
_bNLR
_gpsbo
801 1 _aRU
_bELAR
_2rusmarc
852 _aNLR
_j77-5/782
942 _cBOOK
980 _aNB